00936nam a2200241Ia 4500003000900000008004100009020001800050040001600068080002300084111009400107245018300201260003700384300001600421490005100437650004100488650002500529650002500554650001500579700002000594700002600614700003000640700002400670IN-BaIIA211028s9999 xx 000 0 eng d a90-227-2706-6 cIIA Library a52(082.1)bASS-143 aMidnight Sun Conference on Activity in Cool Star EnvelopescTromso, Norwayd1987 July 1-8 0aActivity in cool star envelopesbproceedings of midnight sun conference on activity in cool star envelopes, held in Tromso, Norway, July 1-8, 1987cedited by O, Havnes…[et al.] aDordrechtbKluwer Academicc1988 axiii, 354p. aAstrophysics and space science library; v. 143 aAstronomy and Astrophysics Thesaurus aCircumstellar matter aCircumstellar shells aCool stars aHavnes, O., ed. aPettersen, B. R., ed. aSchmitt, J. H. M. M., ed. aSolheim, J. E., ed.